| 000 | 00457nam a2200181Ia 4500 | ||
|---|---|---|---|
| 001 | 1234 | ||
| 005 | 20260306140617.0 | ||
| 008 | 260306t2009||||xx |||||||||||||| ||spa|| | ||
| 041 | _aESP | ||
| 082 |
_a189.4 _bS72 |
||
| 100 |
_aSouza Salles, Sergio de _eAUT |
||
| 245 | 2 | _aA tríplice via do conhecimento de Deus em Tomás de Aquino | |
| 260 | _c2009 | ||
| 300 |
_a200 páginas : _c22 cm. |
||
| 650 | _aGEN | ||
| 654 | _aCHU | ||
| 942 |
_cLIB _dJUS _fJUS _2ddc _n |
||
| 999 |
_c1234 _d1234 |
||